Statistics for 科学館のある自治体

Click here to take the quiz!

General Stats

  • This quiz has been taken 18 times
  • The average score is 84 of 171

Answer Stats

地方(ブロック)施設名都道府県市町村所在地% Correct
情報通信交流館
(e-とぴあ・かがわ)
香川県高松市サンポート2-1
81%
さぬきこどもの国高松市香南町由佐3209
81%
高知みらい科学館高知県高知市追手筋2丁目1-1
81%
山口県立山口博物館山口市春日町8番2号
81%
宮崎科学技術館宮崎県宮崎市宮崎駅東1丁目2番地2
81%
鹿児島市立科学館鹿児島県鹿児島市鴨池2-31-18
75%
原子力発電環境整備機構東京都港区芝4-1-23
75%
長崎市科学館長崎県長崎市油木町7番2号
75%
TEPIA先端技術館東京都港区北青山2-8-44
75%
名古屋市科学館名古屋市中区栄2-17-1
75%
名古屋市港防災センター名古屋市港区港明1丁目12番20号
75%
大阪市立科学館大阪市北区中之島4-2-1
75%
キッズプラザ大阪大阪府大阪市北区扇町2-1-7
75%
港区立みなと科学館東京都港区虎ノ門3-6-9
75%
佐賀県立宇宙科学館
ゆめぎんが
佐賀県武雄市武雄町永島16351
69%
地下鉄博物館江戸川区東葛西6-3-1
69%
栃木県子ども総合科学館栃木県宇都宮市西川田町567
69%
日本科学未来館東京都江東区青海2-3-6
69%
雲仙岳災害記念館
(がまだすドーム)
長崎県島原市平成町1-1
69%
体験型子ども科学館O-Labo大分県大分市府内町3-6-11
69%
パナソニックセンター東京 AkeruE東京都江東区有明3-5-1
69%
大分市関崎海星館大分県大分市大字佐賀関4057-419
69%
自然科学学習館秋田県秋田市東通仲町4番1号
69%
秋田県児童会館秋田県秋田市山王中島町1番2号
69%
鳥取市さじアストロパーク鳥取市佐治町高山1071-1
63%
岐阜市科学館岐阜市本荘3456-41
63%
沖縄こどもの国
(ワンダーミュージアム)
沖縄県沖縄市胡屋5-7-1
63%
京都市青少年科学センター京都府京都市伏見区深草池ノ内町13
63%
和歌山市立こども科学館和歌山県和歌山市寄合町19番地
63%
高崎市少年科学館群馬県高崎市末広町23番地1
63%
近畿ブロック明石市立天文科学館兵庫県明石市人丸町2-6
63%
とよた科学体験館愛知県豊田市小坂本町1-25
63%
岐阜天文台岐阜市柳津町高桑西3丁目75番地
63%
川崎医科大学現代医学教育博物館岡山県倉敷市松島577
63%
バンドー神戸青少年科学館
(神戸市立青少年科学館)
兵庫県神戸市中央区港島中町7-7-6
63%
人と科学の未来館サイピア岡山県岡山市北区伊島町3-1-1
63%
倉敷科学センター倉敷市福田町古新田940
63%
防府市青少年科学館山口県防府市寿町6番41号
63%
松本市教育文化センター長野県松本市里山辺2930-1
63%
サイエンスヒルズこまつ
ひととものづくり科学館
石川県小松市こまつの杜2番地
63%
広島市こども文化科学館広島市中区基町5-83
63%
鳥取市こども科学館鳥取県鳥取市吉方温泉3丁目701番地
63%
広島市交通科学館
(ヌマジ交通ミュージアム)
広島県広島市安佐南区長楽寺2-12-2
63%
北海道ブロック旭川市科学館「サイパル」北海道旭川市宮前1条3丁目3番32号
63%
人と防災未来センター神戸市中央区脇浜海岸通1-5-2
63%
山形県産業科学館山形県山形市城南町1丁目1-1
63%
苫小牧市科学センター苫小牧市旭町3丁目1番12号
63%
福岡市科学館福岡市中央区六本松4-2-1
63%
熊本博物館熊本県熊本市中央区古京町3-2
63%
釧路市こども遊学館釧路市幸町10丁目2番地
63%
郡山市ふれあい科学館福島県郡山市駅前2丁目11番1号
56%
出雲科学館島根県出雲市今市町1900-2
56%
ひだ宇宙科学館 カミオカラボ岐阜県飛騨市神岡町夕陽丘6番地
56%
エネルギー館
あしたをおもう森
青森県青森市安方1-1-40
56%
中四国ブロック阿南市科学センター徳島県阿南市那賀川町上福井南川渕8-1
56%
札幌市青少年科学館札幌市厚別区厚別中央1条5丁目2-20
56%
富山県立イタイイタイ病資料館富山県富山市友杉151番地
56%
富山市科学博物館富山市西中野町1-8-31
56%
新潟県立自然科学館新潟県新潟市中央区女池南3-1-1
56%
福島市子どもの夢を育む施設
こむこむ館
福島県福島市早稲町1-1
56%
もぐらんぴあ まちなか水族館岩手県久慈市侍浜町麦生1-43-7
56%
福知山市児童科学館京都府福知山市字猪崎377-1
56%
久慈琥珀博物館久慈市小久慈町19-156-133
56%
千葉市科学館千葉県千葉市中央区中央4-5-1
56%
北海道立オホーツク流氷科学センター紋別市元紋別11
56%
妹背牛町郷土館雨竜郡妹背牛町字妹背牛247番地
56%
帯広市児童会館帯広市緑ケ丘2番地
56%
荒尾総合文化センター荒尾市荒尾4186-19
56%
佐世保市少年科学館
『星きらり』
長崎県佐世保市保立町12-31
56%
稚内市青少年科学館稚内市ノシャップ2丁目2-16
56%
東北ブロック青森県立三沢航空科学館青森県三沢市大字三沢字北山158
56%
福井県児童科学館福井県坂井市春江町東太郎丸3-1
50%
呉市海事歴史科学館
(大和ミュージアム)
広島県呉市宝町5-20
50%
福井市自然史博物館分館
セーレンプラネット
福井市中央1-2-1
50%
岐阜かかみがはら航空宇宙博物館岐阜県各務原市下切町5丁目1番地
50%
スペースLABO
(北九州市科学館)
福岡県北九州市八幡東区東田4-1-1
50%
奥州宇宙遊学館岩手県奥州市水沢区星ガ丘町2-12
50%
浜松科学館静岡県浜松市中区北寺島町256-3
50%
静岡科学館る・く・る静岡県静岡市駿河区南町14-25
50%
東海大学海洋科学博物館静岡市清水区三保2389
50%
山梨県立科学館甲府市愛宕町358-1
50%
原子力の科学館
あっとほうむ
福井県敦賀市吉河37-1
50%
北信越ブロック上田創造館長野県上田市上田原1640
50%
堺市立ビッグバン大阪府堺市南区茶山台1-9-1
50%
八王子市こども科学館
(コニカミノルタサイエンスドーム)
八王子市大横町9-13
50%
小樽市総合博物館小樽市手宮1丁目3番6号
50%
橿原市立こども科学館奈良県橿原市小房町11-5
50%
相模原市立博物館神奈川県相模原市中央区高根3丁目1番15号
50%
科学技術館東京都千代田区北の丸公園2-1
50%
つくばエキスポセンター茨城県つくば市吾妻2-9
50%
姫路科学館姫路市青山1470-15
50%
むつ科学技術館青森県むつ市関根字北関根693
50%
八戸市視聴覚センター・
児童科学館
青森県八戸市類家4丁目3番1号
50%
船の科学館東京都品川区東八潮3-1
50%
三菱みなとみらい技術館神奈川県横浜市西区みなとみらい3-3-1
50%
富士川楽座 体験館どんぶら静岡県富士市岩淵1488-1
50%
大阪科学技術館大阪府大阪市西区靱本町1-8-4
44%
DENZAI環境科学館室蘭市本町2丁目2番1号
44%
三重県立みえこどもの城三重県松阪市立野町1291
44%
トヨタ産業技術記念館名古屋市西区則武新町4丁目1番35号
44%
岩見沢郷土科学館岩見沢市志文町809番地1
44%
豊橋市地下資源館豊橋市大岩町字火打坂19-16
44%
原子力科学館茨城県那珂郡東海村村松225-2
44%
琴平海洋博物館(海の科学館)香川県仲多度郡琴平町953番地
44%
北網圏北見文化センター北見市公園町1番地
44%
愛媛県総合科学博物館愛媛県新居浜市大生院2133-2
44%
越谷市科学技術体験センター
ミラクル
埼玉県越谷市新越谷一丁目59番地
44%
こども科学センター・ハチラボ東京都渋谷区桜丘町23-21
44%
川口市立科学館
(サイエンスワールド)
川口市上青木3-12-18
44%
杵築市大田 横岳自然公園大分県杵築市大田波多方4448-1
44%
関東ブロック板橋区立教育科学館東京都板橋区常盤台4-14-1
44%
東芝未来科学館神奈川県川崎市幸区堀川町72番地34
44%
東武博物館東京都墨田区東向島4-28-16
44%
盛岡市子ども科学館盛岡市本宮字蛇屋敷13-1
44%
梅園の里 天球館大分県国東市安岐町富清2244
44%
福岡県青少年科学館福岡県久留米市東櫛原町1713
44%
山梨県発電総合制御所
(クリーンエネルギーセンター)
山梨県甲斐市竜王新町2277-3
44%
郵政博物館東京都墨田区押上1-1-2
44%
仙台市天文台仙台市青葉区錦ケ丘9丁目29-32
44%
スリーエム仙台市科学館宮城県仙台市青葉区台原森林公園4-1
44%
sakumo 佐久市子ども未来館長野県佐久市岩村田1931-1
44%
根上学習センター石川県能美市大成町ヌ111
44%
星の文化館八女市星野村10828-1
44%
所沢航空発祥記念館埼玉県所沢市並木1-13
44%
兵庫県立人と自然の博物館三田市弥生が丘6
38%
九州ブロック阿蘇火山博物館熊本県阿蘇市赤水1930-1
38%
リナシティかのや
(鹿屋市市民交流センター)
鹿児島県鹿屋市大手町1-1
38%
大町エネルギー博物館長野県大町市平2112-38
38%
はまぎんこども宇宙科学館神奈川県横浜市磯子区洋光台5丁目2-1
38%
伊丹市立こども文化科学館兵庫県伊丹市桑津3丁目1-36
38%
上越科学館新潟県上越市下門前446-2
38%
TDK歴史みらい館秋田県にかほ市平沢字画書面15
38%
二戸市シビックセンター
田中舘愛橘記念科学館
岩手県二戸市石切所字荷渡6-2
38%
フェライト子ども科学館秋田県にかほ市平沢字宝田4-1
38%
ふくしま森の科学体験センター
ムシテックワールド
須賀川市虹の台100
38%
浦安市青少年館千葉県浦安市猫実1-12-38
38%
黒部市吉田科学館富山県黒部市吉田574-1
38%
奇石博物館静岡県富士宮市山宮3670
38%
向井千秋記念子ども科学館群馬県館林市城町2番2号
38%
ぐんまこどもの国児童会館群馬県太田市長手町480
38%
津幡町こども科学館石川県河北郡津幡町北中条3丁目1番地
31%
多摩六都科学館東京都西東京市芝久保町5-10-64
31%
大田原市ふれあいの丘天文館栃木県大田原市福原1411-22
31%
滝川市こども科学館滝川市新町2-6-1
31%
大洗わくわく科学館茨城県東茨城郡大洗町港中央12
31%
日立シビックセンター科学館茨城県日立市幸町1-21-1
31%
綾部市天文館京都府綾部市里町久田21-8
31%
赤穂市立海洋科学館赤穂市御崎1891-4
31%
立山カルデラ砂防博物館富山県中新川郡立山町芦峅寺字ブナ坂68
31%
夢と学びの科学体験館愛知県刈谷市神田町1-39-3
31%
ディスカバリーパーク焼津焼津市田尻2968-1
31%
岐阜県先端科学技術体験センター
(サイエンスワールド)
瑞浪市明世町戸狩54
31%
徳島県立あすたむらんど
子ども科学館
徳島県板野郡板野町那東字キビガ谷45-22
25%
春日部市中央公民館埼玉県春日部市粕壁6918番地1
25%
川口ダム自然エネルギーミュージアム徳島県那賀郡那賀町吉野イヤ谷72ー1
25%
東海ブロック笠松町歴史未来館岐阜県羽島郡笠松町下本町87番地
25%
かわさき宙と緑の科学館神奈川県川崎市多摩区枡形7丁目1番2号
25%
国立研究開発法人情報通信研究機構小金井市貫井北町4-2-1
25%
大阪ガス ガス科学館高石市高砂3-1
25%
四国西予ジオミュージアム愛媛県西予市城川町下相945番地
25%
富田林市すばるホール富田林市桜ケ丘町2番8号
25%
埼玉県防災学習センター埼玉県鴻巣市袋30
19%
埼玉県立川の博物館大里郡寄居町小園39
19%
埼玉県立総合教育センター行田市富士見町2-24
19%
半田空の科学館愛知県半田市桐ヶ丘4-210
19%
東金こども科学館千葉県東金市八坂台1-2107-3
19%
りくべつ宇宙地球科学館足寄郡陸別町宇遠別
19%
余市宇宙記念館余市郡余市町黒川町6-4
19%
八ヶ岳自然文化園諏訪郡原村17217-1613
13%
NPO法人 みかわ天文台新潟県東蒲原郡阿賀町東中島4-8-3
13%
厚岸町海事記念館厚岸郡厚岸町真栄3丁目4番地
13%

Score Distribution

Percentile by Number Answered

Percent of People with Each Score

Your Score History

You have not taken this quiz